00394nam a2200121Ia 4500001000800000005001700008008004100025020001800066245005900084260001900143999002100162952008900183126855720260417145252.0260417s9999 xx 000 0 und d a9786257854634 0aBiri Sırtımı Kaşıyabilir Mi Lütfen?cJory John bKetebe Çocuk c1268557d1268557 00104070a1110b1110d2026-04-17l0p11102189r2026-04-17 14:52:52w2026-04-17yBK